000 00399nam a2200157 i 4500
001 35481
003 ES-MaACL
005 20230906155133.0
007 t|
008 030213s1908 fr ||||1| spa d
100 1 _aBonafoux, Luis.
_930066
245 1 0 _aBilis /
_cLuis Bonafoux.
260 _aParĂ­s :
_b[s.n.,
_c1908] (
_fPaul Dupont)
300 _aX, 319 p. ;
_c18 cm.
852 _aES-MaACL
_jD-3095
999 _c35481
_d35481